[Event "4NCL Online Division 7"]
[Site "online"]
[Date "2021.03.23"]
[EventDate "2021.03.23"]
[Round "5.313"]
[White "Tierney, John"]
[WhiteElo "1200"]
[WhiteTeam "MK Phoenix 5"]
[Black "Fowler, David"]
[BlackElo "1223"]
[BlackTeam "Grangemouth Guerillas"]
[Result "0-1"]
[PlyCount "128"]

1. e4 d6 2. d4 Nf6 3. Nc3 g6 4. Bg5 Bg7 5. e5 dxe5 6. dxe5 Qxd1+ 7. Rxd1 Nfd7 8. h3 Nxe5 9. Nd5 O-O 10. Nxc7 Bf5 11. Nxa8 Rc8 12. Nc7 Rxc7 13. Rd8+ Bf8 14. Bh6 Nbd7 15. Bb5 Rxc2 16. h4 Rxb2 17. h5 Rxb5 18. Ne2 Rb1+ 19. Nc1 Nd3+ 20. Kd2 Nxf2 21. Re1 Ne4+ 22. Ke3 Nef6 23. Kf4 Nxh5+ 24. Kf3 e5 25. g4 e4+ 26. Kf2 Bxg4 27. Rxe4 Be6 28. Ra4 Rxc1 29. Bxc1 Kg7 30. Bb2+ f6 31. Rxa7 Bc5+ 32. Kf3 Bxa7 33. Re8 Bd5+ 34. Ke2 Kf7 35. Rh8 Bxa2 36. Rxh7+ Ke6 37. Rh8 Bc5 38. Re8+ Kf5 39. Rb8 b6 40. Ra8 Bc4+ 41. Kd2 Ne5 42. Rc8 Ke4 43. Kc2 f5 44. Re8 Bd4 45. Bc1 b5 46. Ba3 f4 47. Bb4 f3 48. Bc3 Bxc3 49. Kxc3 f2 50. Rf8 f1=Q 51. Rxf1 Bxf1 52. Kb4 g5 53. Kc5 g4 54. Kb4 g3 55. Kc3 g2 56. Kd2 g1=Q 57. Ke1 Bc4+ 58. Kd2 Qg3 59. Kc2 Qb3+ 60. Kd2 Nf4 61. Ke1 Qe3+ 62. Kd1 Qe2+ 63. Kc1 Nfd3+ 64. Kb1 Qb2# 0-1

[Event "4NCL Online Division 7"]
[Site "online"]
[Date "2021.03.23"]
[EventDate "2021.03.23"]
[Round "5.314"]
[White "Whitton, Nicholas"]
[WhiteElo "1041"]
[WhiteTeam "Grangemouth Guerillas"]
[Black "Cutler, Matthew"]
[BlackElo "1015"]
[BlackTeam "MK Phoenix 5"]
[Result "0-1"]
[PlyCount "96"]

1. e4 e5 2. Nf3 Nc6 3. Bc4 Bc5 4. O-O Nf6 5. d3 d5 6. exd5 Nxd5 7. Be3 Bxe3 8. fxe3 Nxe3 9. Qe2 Nxf1 10. Kxf1 O-O 11. Nxe5 Qf6+ 12. Nf3 Bg4 13. Nc3 Bxf3 14. gxf3 Rfe8 15. Ne4 Qxb2 16. Re1 Qe5 17. Nf6+ gxf6 18. Qg2+ Qg5 19. Rxe8+ Rxe8 20. Qh3 Qc1+ 21. Kg2 Re2+ 22. Kg3 Qg5+ 23. Qg4 Qxg4+ 24. fxg4 Rxc2 25. h4 Ne5 26. Bb3 Rd2 27. g5 fxg5 28. hxg5 Rxd3+ 29. Kf4 Rxb3 30. axb3 Ng6+ 31. Kf5 Kf8 32. Kf6 c5 33. b4 cxb4 34. Kf5 b3 35. Kg4 b2 36. Kh5 b1=Q 37. Kg4 Kg7 38. Kh5 Qh1+ 39. Kg4 f6 40. Kf5 fxg5 41. Kg4 Qe4+ 42. Kxg5 Ne7 43. Kh5 Qg6+ 44. Kh4 Kf6 45. Kh3 Kf5 46. Kh2 Kf4 47. Kh1 Kf3 48. Kh2 Qg2# 0-1

[Event "4NCL Online Division 7"]
[Site "online"]
[Date "2021.03.23"]
[EventDate "2021.03.23"]
[Round "5.321"]
[White "Clayton, N Charles"]
[WhiteElo "1479"]
[WhiteTeam "St Andrews White Cross 2"]
[Black "Burke, Alexander"]
[BlackElo "1187"]
[BlackTeam "Manchester Juniors D"]
[Result "0-1"]
[PlyCount "74"]

1. d4 d5 2. Nf3 Nf6 3. e3 e6 4. Be2 Bd6 5. O-O O-O 6. b3 Nc6 7. Bb2 Bd7 8. Nbd2 Ne7 9. c4 dxc4 10. Nxc4 Ng6 11. Rc1 Bb5 12. Nxd6 Bxe2 13. Qxe2 cxd6 14. Qb5 Qe7 15. Ba3 a6 16. Qb4 Rfd8 17. Qc4 h6 18. Ne5 Rdc8 19. Nxg6 fxg6 20. Qxc8+ Rxc8 21. Rxc8+ Kh7 22. Rfc1 g5 23. R8c7 Qe8 24. Bxd6 Ne4 25. Be5 Kg6 26. Rxg7+ Kh5 27. h3 Qf8 28. g4+ Kh4 29. f4 gxf4 30. exf4 Nf6 31. Rg6 Ne4 32. Rxe6 Kxh3 33. Re1 Ng3 34. Bd6 Qg7 35. Kf2 Qxd4+ 36. R1e3 Qd2+ 37. Kf3 Qg2# 0-1

[Event "4NCL Online Division 7"]
[Site "online"]
[Date "2021.03.23"]
[EventDate "2021.03.23"]
[Round "5.322"]
[White "Eccleston, Rowan"]
[WhiteElo "1181"]
[WhiteTeam "Manchester Juniors D"]
[Black "Wilson, Bryan"]
[BlackElo "1495"]
[BlackTeam "St Andrews White Cross 2"]
[Result "1/2-1/2"]
[PlyCount "60"]

1. f4 d5 2. Nf3 Nf6 3. e3 e6 4. Bb5+ c6 5. Bd3 h6 6. O-O Nbd7 7. b3 Bd6 8. Bb2 Nc5 9. Qe1 Nxd3 10. cxd3 Qc7 11. Qg3 Bf8 12. Be5 Qe7 13. Nc3 Rg8 14. e4 Nh5 15. Qf2 f6 16. Qh4 g6 17. Bd4 c5 18. Bf2 d4 19. Ne2 b6 20. g4 Ba6 21. gxh5 Bxd3 22. Rfe1 Bxe4 23. Qg3 Rg7 24. Kf1 gxh5 25. Qh3 O-O-O 26. Qxh5 Qb7 27. Neg1 Bd3+ 28. Ne2 Be4 29. Neg1 Bd3+ 30. Ne2 Be4 1/2-1/2

[Event "4NCL Online Division 7"]
[Site "online"]
[Date "2021.03.23"]
[EventDate "2021.03.23"]
[Round "5.323"]
[White "Askin, Floyd"]
[WhiteElo "1300"]
[WhiteTeam "St Andrews White Cross 2"]
[Black "Sheehy, Lewis"]
[BlackElo "1030"]
[BlackTeam "Manchester Juniors D"]
[Result "1-0"]
[PlyCount "86"]

1. d4 Nf6 2. Nf3 d6 3. e3 g6 4. Bd3 Bg7 5. Nbd2 O-O 6. c3 a6 7. O-O b5 8. e4 Bb7 9. Re1 Nbd7 10. h3 c5 11. d5 Nb6 12. c4 b4 13. b3 Nfd7 14. Rb1 Ne5 15. Nxe5 Bxe5 16. Nf3 Bg7 17. Bf4 Qd7 18. e5 Rfe8 19. exd6 exd6 20. Rxe8+ Rxe8 21. Qc2 a5 22. h4 Bc8 23. h5 Qg4 24. Bxd6 Qxh5 25. Bxc5 Nd7 26. Bd6 Nf6 27. Bg3 Bg4 28. Be2 Bf5 29. Bd3 Bg4 30. Nh4 g5 31. Nf5 Bxf5 32. Bxf5 Qe2 33. Qxe2 Rxe2 34. Rd1 Nxd5 35. cxd5 Be5 36. Bxe5 Rxe5 37. Bd7 Re7 38. Ba4 Rc7 39. d6 Rc8 40. d7 Rd8 41. Re1 Kf8 42. Re8+ Rxe8 43. dxe8=Q+ Kg7 1-0

[Event "4NCL Online Division 7"]
[Site "online"]
[Date "2021.03.23"]
[EventDate "2021.03.23"]
[Round "5.324"]
[White "Pearson, Matthew"]
[WhiteElo "800"]
[WhiteTeam "Manchester Juniors D"]
[Black "Ezra, Raymond"]
[BlackElo "1234"]
[BlackTeam "St Andrews White Cross 2"]
[Result "0-1"]
[PlyCount "36"]

1. e4 e5 2. Nf3 Nc6 3. Bc4 h6 4. Nc3 Nf6 5. d3 d6 6. O-O Bg4 7. h3 Bh5 8. Qe1 Bxf3 9. gxf3 Qd7 10. f4 Qxh3 11. fxe5 Ng4 12. Bf4 g5 13. Bg3 h5 14. f3 Ne3 15. Qxe3 Qxg3+ 16. Kh1 g4 17. fxg4 hxg4+ 18. Qh6 Rxh6# 0-1

[Event "4NCL Online Division 7"]
[Site "online"]
[Date "2021.03.23"]
[EventDate "2021.03.23"]
[Round "5.331"]
[White "Scheffel, Charlie"]
[WhiteElo "1167"]
[WhiteTeam "Barnet Knights F"]
[Black "Deacon, Matthew"]
[BlackElo "1559"]
[BlackTeam "Wessex Some Stars G"]
[Result "0-1"]
[PlyCount "132"]

1. e4 c5 2. d4 cxd4 3. c3 dxc3 4. Bc4 e6 5. Nxc3 Nc6 6. Nf3 a6 7. Be3 b5 8. Bb3 Bb7 9. O-O d6 10. Qc2 Be7 11. Rad1 Qc7 12. Rfe1 Nf6 13. h3 O-O 14. Qd3 Rfd8 15. a4 b4 16. Na2 a5 17. Rc1 Qb8 18. Nd4 Ne5 19. Qb1 Bxe4 20. Bc2 Bxc2 21. Rxc2 b3 22. Rc3 bxa2 23. Qxa2 Nd5 24. Rb3 Nb4 25. Qb1 Qc8 26. Rc1 Qd7 27. Nb5 Rdc8 28. Rbc3 Rxc3 29. bxc3 Nd5 30. Bd2 Nc4 31. Be1 Nc7 32. Nd4 Qxa4 33. Qb7 Qd7 34. Rb1 h6 35. Nb5 Rc8 36. Na7 Rd8 37. Nc6 Re8 38. Na7 Ne5 39. Nb5 Nxb5 40. Qxb5 Qxb5 41. Rxb5 Nc4 42. Rb7 Bf6 43. Rb3 Ra8 44. Rb1 Kh7 45. g3 Kg6 46. Kg2 Kf5 47. g4+ Ke4 48. f3+ Kd5 49. Rd1+ Kc6 50. f4 Ne3+ 51. Kf3 Nxd1 52. g5 Bxc3 53. g6 f6 54. h4 Bxe1 55. h5 Bg3 56. f5 e5 57. Ke4 d5+ 58. Kd3 Rb8 59. Kd2 e4 60. Kxd1 d4 61. Kc2 Kc5 62. Kd2 Kc4 63. Kc2 e3 64. Kd1 d3 65. Kc1 a4 66. Kd1 Rb1# 0-1

[Event "4NCL Online Division 7"]
[Site "online"]
[Date "2021.03.23"]
[EventDate "2021.03.23"]
[Round "5.332"]
[White "Rowland, Benjamin"]
[WhiteElo "1142"]
[WhiteTeam "Barnet Knights F"]
[Black "Bucchi, Andrea"]
[BlackElo "1559"]
[BlackTeam "Wessex Some Stars G"]
[Result "1-0"]
[PlyCount "50"]

1. e4 e5 2. Bc4 Nf6 3. d3 Nc6 4. Nf3 d6 5. Ng5 d5 6. exd5 Nxd5 7. Qf3 Be6 8. Nc3 Nd4 9. Qd1 Nxc3 10. bxc3 Bxc4 11. cxd4 Bd5 12. Nf3 Bb4+ 13. Kf1 Bc3 14. Rb1 exd4 15. Bd2 Bxd2 16. Nxd2 O-O 17. f3 Re8 18. Nb3 Qf6 19. Qd2 Re7 20. Qb4 Rae8 21. Rc1 Bxf3 22. gxf3 Qxf3+ 23. Kg1 Re2 24. Qf8+ Kxf8 25. Rf1 Qg2# 0-1

[Event "4NCL Online Division 7"]
[Site "online"]
[Date "2021.03.23"]
[EventDate "2021.03.23"]
[Round "5.333"]
[White "Belur, Ashwin"]
[WhiteElo "1115"]
[WhiteTeam "Barnet Knights F"]
[Black "Blythe, Douglas"]
[BlackElo "1457"]
[BlackTeam "Wessex Some Stars G"]
[Result "0-1"]
[PlyCount "96"]

1. Nf3 f5 2. d3 Nc6 3. g3 e5 4. e4 Nf6 5. Nbd2 Bc5 6. Bg2 O-O 7. O-O d6 8. c3 Bb6 9. Nc4 Qe8 10. Qb3 Be6 11. Ng5 Na5 12. Qd1 Nxc4 13. dxc4 Bxc4 14. Re1 fxe4 15. Be3 d5 16. Bf1 Bxe3 17. Rxe3 Bxf1 18. Qxf1 h6 19. Nh3 Kh8 20. b3 d4 21. cxd4 exd4 22. Ree1 c5 23. Nf4 Rd8 24. Qc4 Rc8 25. Ne6 b5 26. Qc2 Qxe6 27. Rad1 Qh3 28. Qe2 Ng4 29. Qxg4 Qxg4 30. a3 Qf3 31. Rf1 Qxb3 32. Rde1 e3 33. f3 Rce8 34. Rb1 Qa4 35. Rbc1 c4 36. f4 d3 37. Rf3 d2 38. Rff1 dxc1=Q 39. Rxc1 e2 40. Re1 Qd1 41. Kf2 Qd4+ 42. Kf3 c3 43. Rb1 Qd3+ 44. Kf2 Qxb1 45. Kf3 Qe4+ 46. Kg4 e1=Q 47. Kh5 Q1e2+ 48. g4 Qxh2# 0-1

[Event "4NCL Online Division 7"]
[Site "online"]
[Date "2021.03.23"]
[EventDate "2021.03.23"]
[Round "5.334"]
[White "Cuthbert, Larissa"]
[WhiteElo "1429"]
[WhiteTeam "Wessex Some Stars G"]
[Black "Kuryan, Elizabeth"]
[BlackElo "910"]
[BlackTeam "Barnet Knights F"]
[Result "0-1"]
[PlyCount "46"]

1. e4 c5 2. Nf3 Nc6 3. d4 cxd4 4. Nxd4 g6 5. Nc3 Bg7 6. Be3 d6 7. Qd2 Nf6 8. Nxc6 bxc6 9. O-O-O O-O 10. f4 Rb8 11. h3 Qa5 12. Bc4 Qb4 13. Bb3 Be6 14. Bxa7 Rb7 15. Bd4 c5 16. Bxf6 Bxf6 17. Qe2 c4 18. Bxc4 Qxb2+ 19. Kd2 Qxc3+ 20. Kc1 Bxc4 21. Qg4 Bxa2 22. Qxg6+ fxg6 23. Rd3 Rb1# 0-1

[Event "4NCL Online Division 7"]
[Site "online"]
[Date "2021.03.23"]
[EventDate "2021.03.23"]
[Round "5.341"]
[White "Humeniuk, Michael"]
[WhiteElo "1496"]
[WhiteTeam "Hertford 4"]
[Black "Orija, Olusegun"]
[BlackElo "1400"]
[BlackTeam "Streatham C"]
[Result "0-1"]
[PlyCount "132"]

1. e4 e5 2. Nf3 Nc6 3. Bc4 Bc5 4. c3 Nf6 5. d3 h6 6. O-O d6 7. d4 exd4 8. cxd4 Bb6 9. Nc3 O-O 10. h3 Ne7 11. Re1 c6 12. Bb3 a5 13. Nh2 Ng6 14. Kh1 Bc7 15. f4 b5 16. Qf3 Bb7 17. Qg3 Ne7 18. Rf1 Kh8 19. Bc2 Neg8 20. Bd2 b4 21. Ne2 Ba6 22. Rae1 Re8 23. Qf3 Qd7 24. Rf2 Re7 25. Ng3 Rae8 26. Ng4 Nh7 27. Nf5 Re6 28. e5 Bb5 29. Qg3 f6 30. Nh4 Ne7 31. f5 Rxe5 32. dxe5 dxe5 33. Rd1 Nd5 34. Ng6+ Kg8 35. Bxh6 Qf7 36. Bd2 e4 37. Bb3 Bxg3 38. Ne3 Bxf2 39. Nxd5 cxd5 40. Bf4 Bc4 41. Ba4 Rd8 42. b3 Be2 43. Rd2 e3 44. Rxe2 d4 45. Kh2 d3 46. Rxe3 Bxe3 47. Bxe3 d2 48. Bb5 d1=Q 49. Bc4 Qxc4 50. bxc4 b3 51. axb3 Qxb3 52. Bf4 Qxc4 53. Ne7+ Kf7 54. Ng6 a4 55. Be5 fxe5 56. Nxe5+ Kf6 57. Nxc4 Kxf5 58. Ne3+ Ke4 59. Nc4 Nf6 60. Kg1 Nd5 61. Kf2 Kd3 62. Nb2+ Kd4 63. Nxa4 Nc3 64. Nb6 Rb8 65. Nd7 Rb7 66. Nf8 Rf7+ 0-1

[Event "4NCL Online Division 7"]
[Site "online"]
[Date "2021.03.23"]
[EventDate "2021.03.23"]
[Round "5.342"]
[White "Adatia, Amar"]
[WhiteElo "1373"]
[WhiteTeam "Streatham C"]
[Black "Brewis, Alan"]
[BlackElo "1349"]
[BlackTeam "Hertford 4"]
[Result "1-0"]
[PlyCount "115"]

1. d4 e6 2. c4 f5 3. Nc3 Nf6 4. g3 Be7 5. Bg2 d6 6. e3 O-O 7. Nge2 Qe8 8. O-O Nc6 9. b3 Qg6 10. Nf4 Qh6 11. d5 Nd8 12. dxe6 Nxe6 13. Nxe6 Bxe6 14. Bxb7 Rab8 15. Bg2 Ng4 16. h3 Ne5 17. Bb2 a6 18. Nd5 Bd8 19. Nf4 Bf7 20. Bd5 Bf6 21. Rb1 Nd7 22. Bxf7+ Rxf7 23. Qh5 Qxh5 24. Nxh5 Bxb2 25. Rxb2 Ne5 26. Nf4 Rf6 27. Rbb1 Nf3+ 28. Kg2 Nd2 29. Nd5 Rf7 30. Rbd1 Nxf1 31. Kxf1 Rd8 32. c5 dxc5 33. Ne7+ Kf8 34. Rxd8+ Kxe7 35. Rd5 Ke6 36. Rxc5 Rd7 37. Ke2 g5 38. Rc6+ Rd6 39. Rxc7 h6 40. Rh7 Kd5 41. g4 fxg4 42. hxg4 Rc6 43. Kd3 Rf6 44. e4+ Ke5 45. Ke3 Rc6 46. Rd7 Rc3+ 47. Kd2 Rc5 48. Rd5+ Rxd5+ 49. exd5 Kxd5 50. Kd3 Ke5 51. b4 Kf4 52. a4 Kxg4 53. b5 axb5 54. axb5 h5 55. b6 h4 56. b7 h3 57. b8=Q Kf3 58. Qg3# 1-0

[Event "4NCL Online Division 7"]
[Site "online"]
[Date "2021.03.23"]
[EventDate "2021.03.23"]
[Round "5.343"]
[White "Hurley, James"]
[WhiteElo "1323"]
[WhiteTeam "Hertford 4"]
[Black "Isaacs, Ruairi"]
[BlackElo "1338"]
[BlackTeam "Streatham C"]
[Result "1-0"]
[PlyCount "49"]

1. e4 c5 2. Nf3 Nc6 3. Nc3 e6 4. d3 d6 5. h3 Be7 6. Be2 Bd7 7. O-O Nf6 8. d4 cxd4 9. Nxd4 Nxd4 10. Qxd4 O-O 11. e5 dxe5 12. Qxe5 Bc6 13. Bg5 h6 14. Bh4 Nd7 15. Bxe7 Qxe7 16. Qg3 Nf6 17. Bd3 Rad8 18. Rad1 Rd7 19. Rd2 Rfd8 20. Rfd1 Nd5 21. Nxd5 Bxd5 22. Bb5 Rd6 23. c4 Bc6 24. Rxd6 Rxd6 25. Rxd6 1-0

[Event "4NCL Online Division 7"]
[Site "online"]
[Date "2021.03.23"]
[EventDate "2021.03.23"]
[Round "5.344"]
[White "McNeil, Eric Dylan"]
[WhiteElo "1004"]
[WhiteTeam "Streatham C"]
[Black "Kirby, Brian"]
[BlackElo "1202"]
[BlackTeam "Hertford 4"]
[Result "1-0"]
[PlyCount "99"]

1. c4 c5 2. Nc3 Nf6 3. g3 d6 4. Bg2 Nbd7 5. e3 e6 6. Nge2 Rb8 7. Nb5 Qb6 8. O-O a6 9. Nbc3 Qc7 10. d4 b6 11. d5 e5 12. f4 b5 13. b3 Nb6 14. cxb5 a5 15. a4 Bb7 16. Bb2 Bxd5 17. Nxd5 Nbxd5 18. Bxd5 Be7 19. Bc6+ Nd7 20. Nc3 O-O 21. Nd5 Qd8 22. Nxe7+ Qxe7 23. Qg4 Nf6 24. Qf3 e4 25. Qe2 Qe6 26. Bxf6 Qxf6 27. Bxe4 Rfe8 28. Bc6 Re7 29. Rfe1 Qc3 30. Rab1 g6 31. Kf2 f5 32. Qc4+ Qxc4 33. bxc4 Kg7 34. Rbd1 Rd8 35. Rd2 Kf6 36. Bd5 g5 37. b6 h6 38. Rb2 Rb8 39. Reb1 h5 40. Rb5 h4 41. Rxa5 gxf4 42. gxf4 h3 43. Rab5 Rg7 44. Rg1 Re7 45. a5 Re4 46. Bxe4 fxe4 47. a6 Ke7 48. a7 Re8 49. b7 Kd7 50. b8=Q 1-0

[Event "4NCL Online Division 7"]
[Site "online"]
[Date "2021.03.23"]
[EventDate "2021.03.23"]
[Round "5.351"]
[White "McCullagh, Tim"]
[WhiteElo "1390"]
[WhiteTeam "Wessex Some Stars H"]
[Black "Mahon, Paul"]
[BlackElo "1150"]
[BlackTeam "Wantage C"]
[Result "1-0"]
[PlyCount "35"]

1. d4 d5 2. e4 dxe4 3. Nc3 Nf6 4. f3 exf3 5. Nxf3 Bg4 6. h3 Bh5 7. g4 Bg6 8. Ne5 Nbd7 9. Qe2 Nxe5 10. dxe5 Nd7 11. e6 fxe6 12. Qxe6 Bxc2 13. Bc4 Bg6 14. Ne4 Nb6 15. Bb3 h6 16. Qxg6+ Kd7 17. O-O e5 18. Rd1+ 1-0

[Event "4NCL Online Division 7"]
[Site "online"]
[Date "2021.03.23"]
[EventDate "2021.03.23"]
[Round "5.352"]
[White "Kachkanov, Slava"]
[WhiteElo "1150"]
[WhiteTeam "Wantage C"]
[Black "Le Fevre, Stephen D"]
[BlackElo "1338"]
[BlackTeam "Wessex Some Stars H"]
[Result "0-1"]
[PlyCount "82"]

1. e4 c5 2. Nf3 e6 3. d4 cxd4 4. Nxd4 a6 5. Bd3 d6 6. Nc3 Nf6 7. Be3 Be7 8. Qd2 Qc7 9. O-O Nbd7 10. a3 Nc5 11. Bc4 Ncxe4 12. Qd3 d5 13. Nxe4 dxc4 14. Nxf6+ Bxf6 15. Qe2 O-O 16. Rac1 b5 17. b3 Rd8 18. Rfd1 Bb7 19. bxc4 bxc4 20. c3 Bd5 21. Nc2 a5 22. Nd4 Rab8 23. a4 Bxd4 24. Bxd4 f6 25. f3 e5 26. Be3 Bf7 27. Qf2 Rb3 28. Rd2 Bg6 29. Rb2 Rxb2 30. Qxb2 Rb8 31. Qd2 Bd3 32. h3 Rb3 33. Qa2 Qb8 34. Bc5 h6 35. Be3 Rb2 36. Qa3 Rb1 37. Rxb1 Qxb1+ 38. Kh2 Qc2 39. Bb6 Bf1 40. Kg3 Qxg2+ 41. Kh4 Qg5# 0-1

[Event "4NCL Online Division 7"]
[Site "online"]
[Date "2021.03.23"]
[EventDate "2021.03.23"]
[Round "5.353"]
[White "Lucas, Janet"]
[WhiteElo "1120"]
[WhiteTeam "Wessex Some Stars H"]
[Black "Reeves, Thomas"]
[BlackElo "925"]
[BlackTeam "Wantage C"]
[Result "0-1"]
[PlyCount "74"]

1. e4 e5 2. Nf3 Nc6 3. Bc4 a6 4. d4 exd4 5. Nxd4 Nf6 6. Nc3 b5 7. Nxc6 dxc6 8. Bxf7+ Ke7 9. Qxd8+ Kxd8 10. e5 Ng4 11. Bg5+ Be7 12. O-O-O+ Bd7 13. e6 Bxg5+ 14. Kb1 Ne5 15. Bh5 g6 16. Be2 Ke7 17. Ne4 h6 18. g3 Bxe6 19. f4 Bd5 20. Rhf1 Bxe4 21. fxg5 hxg5 22. Rd4 Bg2 23. Rf2 Rxh2 24. b3 Rd8 25. Rxd8 Kxd8 26. Kb2 a5 27. Rf8+ Ke7 28. Ra8 a4 29. Ra7 axb3 30. axb3 Be4 31. Bd1 Nd3+ 32. Ka3 Nc5 33. Kb4 Ne6 34. Ka5 Bxc2 35. Bg4 Bxb3 36. Bxe6 Ra2+ 37. Kb4 Rxa7 0-1

[Event "4NCL Online Division 7"]
[Site "online"]
[Date "2021.03.23"]
[EventDate "2021.03.23"]
[Round "5.354"]
[White "Richards, Toby"]
[WhiteElo "750"]
[WhiteTeam "Wantage C"]
[Black "Wright, George A"]
[BlackElo "1082"]
[BlackTeam "Wessex Some Stars H"]
[Result "0-1"]
[PlyCount "30"]

1. e4 c6 2. Nc3 d5 3. d3 e5 4. f3 Nd7 5. Nge2 Be7 6. exd5 cxd5 7. Nxd5 Qa5+ 8. b4 Qxd5 9. g3 Qxf3 10. Bg2 Qxg2 11. Be3 Qxh1+ 12. Kd2 Qc6 13. Nc3 Bxb4 14. Qb1 Qxc3+ 15. Kd1 Qe1# 0-1

[Event "4NCL Online Division 7"]
[Site "online"]
[Date "2021.04.06"]
[EventDate "2021.04.06"]
[Round "6.11"]
[White "Bedi, Adam"]
[WhiteElo "1954"]
[WhiteTeam "Eagle and Child"]
[Black "Kenworthy, Gary"]
[BlackTitle "FM"]
[BlackElo "2261"]
[BlackTeam "Kings Head"]
[Result "1/2-1/2"]
[PlyCount "126"]

1. d4 g6 2. c4 Bg7 3. g3 d6 4. Nf3 Nd7 5. Bg2 e5 6. Nc3 Ne7 7. O-O O-O 8. e4 Nc6 9. Bg5 f6 10. Be3 h6 11. d5 Ne7 12. b4 f5 13. Qc1 f4 14. Bd2 g5 15. Ne1 Ng6 16. f3 c5 17. dxc6 bxc6 18. Nd3 Bb7 19. Be1 Rf7 20. b5 c5 21. Bh3 Ngf8 22. Bxd7 Qxd7 23. g4 Ne6 24. a4 Nd4 25. Ra2 Bf6 26. Kg2 h5 27. h3 Rh7 28. Ne2 hxg4 29. hxg4 Kg7 30. Nxd4 exd4 31. Rh1 Rxh1 32. Kxh1 Rh8+ 33. Rh2 Rxh2+ 34. Kxh2 Qe8 35. Qd2 Bd8 36. Kg2 Qe6 37. Qc2 Qg8 38. a5 Bc8 39. a6 Be6 40. Nb2 Bf6 41. Ba5 d3 42. Nxd3 Bxc4 43. Bc3 Bxd3 44. Qxd3 Qa2+ 45. Kg1 Bxc3 46. Qxc3+ Kf7 47. Qd3 Ke7 48. Qd5 Qa1+ 49. Kf2 Qb2+ 50. Kf1 Qxb5+ 51. Kf2 Qb2+ 52. Ke1 Qb4+ 53. Kf2 Qd4+ 54. Qxd4 cxd4 55. Ke2 Ke6 56. Kd3 Ke5 57. Kc4 d5+ 58. exd5 d3 59. Kxd3 Kxd5 60. Kc3 Kc5 61. Kd3 Kd5 62. Kc3 Kc5 63. Kd3 Kd5 1/2-1/2

[Event "4NCL Online Division 7"]
[Site "online"]
[Date "2021.04.06"]
[EventDate "2021.04.06"]
[Round "6.12"]
[White "Mackenzie, Colin"]
[WhiteElo "2046"]
[WhiteTeam "Kings Head"]
[Black "Monteiro, Paulo"]
[BlackElo "1825"]
[BlackTeam "Eagle and Child"]
[Result "1-0"]
[PlyCount "55"]

1. c4 f5 2. g3 Nf6 3. Bg2 e6 4. Nf3 Be7 5. O-O O-O 6. Nc3 c6 7. d3 d5 8. cxd5 exd5 9. Bf4 Re8 10. Qc2 Nbd7 11. Nb5 Ne5 12. Bxe5 cxb5 13. Qb3 a6 14. Rac1 h6 15. Rc2 Be6 16. Nd4 Bf7 17. Rfc1 Ng4 18. Bf4 g5 19. Bc7 Qd7 20. Ba5 Rac8 21. Rxc8 Rxc8 22. Rxc8+ Qxc8 23. Bxd5 Qc1+ 24. Kg2 Ne5 25. Nxf5 Bf8 26. Bc3 Bxd5+ 27. Qxd5+ Nf7 28. Qe6 1-0

[Event "4NCL Online Division 7"]
[Site "online"]
[Date "2021.04.06"]
[EventDate "2021.04.06"]
[Round "6.13"]
[White "Weber, Simon"]
[WhiteElo "1654"]
[WhiteTeam "Eagle and Child"]
[Black "Thatte, Nishchal"]
[BlackElo "1966"]
[BlackTeam "Kings Head"]
[Result "0-1"]
[PlyCount "48"]

1. c4 e5 2. Nc3 Nf6 3. g3 d5 4. cxd5 Nxd5 5. Bg2 Nb6 6. e3 Nc6 7. a3 a5 8. Nge2 Be7 9. O-O O-O 10. Qc2 Be6 11. b3 Qd7 12. Nb5 a4 13. bxa4 Rxa4 14. Nec3 Ra5 15. Bb2 Bc4 16. Nxc7 Bxf1 17. N7d5 Bxg2 18. Nxe7+ Nxe7 19. Kxg2 Rd8 20. Qb3 Nbd5 21. Ne4 Rb5 22. Qa2 Qc6 23. Rc1 Qe6 24. Qc4 Rxb2 0-1

[Event "4NCL Online Division 7"]
[Site "online"]
[Date "2021.04.06"]
[EventDate "2021.04.06"]
[Round "6.14"]
[White "Bourke, Alex"]
[WhiteElo "1824"]
[WhiteTeam "Kings Head"]
[Black "Payne, Phillip"]
[BlackElo "1232"]
[BlackTeam "Eagle and Child"]
[Result "0-1"]
[PlyCount "90"]

1. e4 c6 2. d4 d5 3. e5 g6 4. Bd3 c5 5. dxc5 Nc6 6. Bb5 Bg7 7. f4 Nh6 8. Nf3 Qa5+ 9. Nc3 O-O 10. O-O Rd8 11. Qe2 Bg4 12. Rd1 Nf5 13. Bd2 Ncd4 14. Qd3 Bxf3 15. gxf3 a6 16. Ba4 Qxc5 17. Kg2 Nh4+ 18. Kg3 Ndf5+ 19. Kh3 e6 20. Be1 b5 21. Bxh4 Nxh4 22. Kxh4 bxa4 23. Nxa4 Qa5 24. Nc3 Qb4 25. a3 Qxf4+ 26. Kh3 Bxe5 27. Rh1 Rab8 28. b4 Rbc8 29. Ne2 Qh6+ 30. Kg2 Bxa1 31. Rxa1 e5 32. Rf1 Qg5+ 33. Ng3 Rc4 34. Rf2 h5 35. Kf1 Kg7 36. Rg2 Qc1+ 37. Kf2 Rxc2+ 38. Ne2 Qb2 39. Kg3 Rd2 40. Qxa6 e4 41. f4 Qb3+ 42. Kh4 Qf3 43. Rg3 Qxe2 44. h3 Qxa6 45. b5 Qf6+ 0-1

[Event "4NCL Online Division 7"]
[Site "online"]
[Date "2021.04.06"]
[EventDate "2021.04.06"]
[Round "6.21"]
[White "Toczek, Grzegorz"]
[WhiteTitle "FM"]
[WhiteElo "2307"]
[WhiteTeam "Newport A"]
[Black "Robinson, Adam"]
[BlackElo "1993"]
[BlackTeam "Hackney Spice Boys"]
[Result "1-0"]
[PlyCount "51"]

1. e4 c5 2. Nc3 Nc6 3. Nf3 g6 4. d4 cxd4 5. Nxd4 Bg7 6. Be3 Nf6 7. Bc4 O-O 8. Bb3 d6 9. f3 a6 10. Qd2 Rb8 11. O-O-O Nxd4 12. Bxd4 b5 13. h4 a5 14. h5 a4 15. Bd5 e6 16. Bc6 Bd7 17. Bxd7 Qxd7 18. hxg6 hxg6 19. Qg5 Qe7 20. e5 dxe5 21. Bxe5 Rb7 22. Bd6 Qe8 23. Qh4 b4 24. Ne4 Nh5 25. Bxf8 Bxf8 26. Nf6+ 1-0

[Event "4NCL Online Division 7"]
[Site "online"]
[Date "2021.04.06"]
[EventDate "2021.04.06"]
[Round "6.22"]
[White "Wright, Robert"]
[WhiteElo "1975"]
[WhiteTeam "Hackney Spice Boys"]
[Black "Rakos, Adam"]
[BlackElo "2157"]
[BlackTeam "Newport A"]
[Result "0-1"]
[PlyCount "92"]

1. e4 c5 2. Nf3 Nc6 3. d4 cxd4 4. Nxd4 e5 5. Nb5 a6 6. Nd6+ Bxd6 7. Qxd6 Qf6 8. Qd2 Qg6 9. Nc3 d5 10. Nxd5 Qxe4+ 11. Be2 Nd4 12. Nc7+ Ke7 13. Nxa8 Nxc2+ 14. Kd1 Nxa1 15. b3 Nh6 16. Qg5+ Ke8 17. f3 Qc2+ 18. Ke1 Qc5 19. Be3 Nc2+ 20. Kf2 Nxe3 21. Qxe3 Qxe3+ 22. Kxe3 Nf5+ 23. Ke4 f6 24. Rc1 Ne7 25. Nb6 Bf5+ 26. Ke3 Nc6 27. Bxa6 bxa6 28. Rxc6 Kf7 29. Nc4 Ra8 30. b4 Ra7 31. a3 Bd7 32. Rc5 Ke6 33. g4 Bb5 34. Nd2 Rd7 35. Rc3 f5 36. gxf5+ Kxf5 37. Ne4 Rd1 38. h3 h6 39. h4 g5 40. Ng3+ Ke6 41. hxg5 hxg5 42. Ne4 Kf5 43. Ng3+ Kg6 44. Kf2 Rd2+ 45. Ke3 Rg2 46. Ne4 Re2# 0-1

[Event "4NCL Online Division 7"]
[Site "online"]
[Date "2021.04.06"]
[EventDate "2021.04.06"]
[Round "6.23"]
[White "Yeo, Gareth"]
[WhiteElo "2133"]
[WhiteTeam "Newport A"]
[Black "Friel, Jamie"]
[BlackElo "1720"]
[BlackTeam "Hackney Spice Boys"]
[Result "1-0"]
[PlyCount "73"]

1. d4 g6 2. c4 Bg7 3. Nc3 Nf6 4. e4 d6 5. Nge2 O-O 6. Ng3 Nbd7 7. Be2 c5 8. d5 Nb6 9. O-O e6 10. a4 Bd7 11. Bf4 e5 12. Be3 Ne8 13. f4 f5 14. exf5 Bxf5 15. Nxf5 Rxf5 16. Bg4 Rf8 17. Qd3 exf4 18. Rxf4 Nf6 19. Be6+ Kh8 20. Rf3 Nfd7 21. Rxf8+ Qxf8 22. Rf1 Qe7 23. b3 Ne5 24. Qd2 a6 25. Bg5 Qc7 26. Ne4 Rf8 27. Rxf8+ Bxf8 28. Bh6 Qe7 29. Bg5 Qc7 30. Qf4 Bg7 31. Bf6 Nbd7 32. Be7 Qa5 33. Nxd6 Qe1+ 34. Qf1 Qe3+ 35. Kh1 Nf6 36. Bxf6 Nd3 37. Bh4 1-0